书目信息 |
| 题名: |
跟吴正宪学教数学
|
|
| 作者: | 武维民 , 张秋爽 编著 | |
| 分册: | 1 | |
| 出版信息: | 上海 华东师范大学出版社 2019.06 |
|
| 页数: | 11, 222页 | |
| 开本: | 23cm | |
| 丛书名: | 大夏书系 | |
| 单 册: | ||
| 中图分类: | G623.502 | |
| 科图分类: | ||
| 主题词: | 小学数学课--教学研究 | |
| 电子资源: | ||
| ISBN: | 978-7-5675-8095-4 | |
| 000 | 01003oam2 2200277 450 | |
| 001 | 0108153900 | |
| 005 | 20210322095033.90 | |
| 010 | @a978-7-5675-8095-4@dCNY49.80 | |
| 100 | @a20190627e20202019em y0chiy50 ea | |
| 101 | 0 | @achi |
| 102 | @aCN@b310000 | |
| 105 | @aa z 000yy | |
| 106 | @ar | |
| 200 | 1 | @a跟吴正宪学教数学@Agen wu zheng xian xue jiao shu xue@h1@f武维民, 张秋爽等编著 |
| 210 | @a上海@c华东师范大学出版社@d2019.06@h2020.09 | |
| 215 | @a11, 222页@c图@d23cm | |
| 225 | 2 | @a大夏书系@i吴正宪教育教学文丛@v1 |
| 330 | @a本书选取了近年来吴老师经典的16个课例,并从一线教师的角度对教学实录进行了分析,同时分享了令人印象深刻的课堂花絮,并且邀请专家进行了点评,以深刻挖掘吴老师课堂的教育价值。 | |
| 461 | 0 | @12001 @a大夏书系 |
| 462 | 0 | @12001 @a吴正宪教育教学文丛 |
| 606 | 0 | @a小学数学课@x教学研究 |
| 690 | @aG623.502@v5 | |
| 701 | 0 | @a武维民@Awu wei min@4编著 |
| 701 | 0 | @a张秋爽@Azhang qiu shuang@4编著 |
| 801 | 0 | @aCN@bBJSZM@c20210308 |
| 905 | @b1270942-6@dG623.502@e1308:1@f5 | |
| 跟吴正宪学教数学.1/武维民, 张秋爽等编著.-上海:华东师范大学出版社,2019.06(2020.09) |
| 11, 222页:图;23cm.-(大夏书系.吴正宪教育教学文丛;1) |
| ISBN 978-7-5675-8095-4:CNY49.80 |
| 本书选取了近年来吴老师经典的16个课例,并从一线教师的角度对教学实录进行了分析,同时分享了令人印象深刻的课堂花絮,并且邀请专家进行了点评,以深刻挖掘吴老师课堂的教育价值。 |
| ● |
| 相关链接 |
|
|
|
|
正题名:跟吴正宪学教数学
索取号:G623.502/1308:1
 
预约/预借
| 序号 | 登录号 | 条形码 | 馆藏地/架位号 | 状态 | 备注 |
| 1 | 1270942 | 212709425 | 第一样本阅览室/ [索取号:G623.502/1308:1] | 在馆 | |
| 2 | 1270943 | 212709434 | 教育系资料室/ [索取号:G623.502/1308:1] | 在馆 | |
| 3 | 1270944 | 212709443 | 教育系资料室/ [索取号:G623.502/1308:1] | 在馆 | |
| 4 | 1270945 | 212709452 | 第四借阅区/ [索取号:G623.502/1308:1] | 在馆 | |
| 5 | 1270946 | 212709461 | 第四借阅区/ [索取号:G623.502/1308:1] | 在馆 |